[Event "Spice Cup Open"]
[Site "Saint Louis USA"]
[Date "2012.10.17"]
[Round "3"]
[White "Amanov, Mesgen"]
[Black "Hambleton, Aman"]
[Result "1/2-1/2"]
[WhiteTitle "GM"]
[BlackTitle "FM"]
[WhiteElo "2507"]
[BlackElo "2348"]
[WhiteFideId "14000652"]
[BlackFideId "2606577"]
[EventDate "2012.10.16"]

1. d4 Nf6 2. Nf3 e6 3. c4 b6 4. g3 Ba6 5. Qc2 c5 6. Bg2 Bb7 7. d5 exd5 8. cxd5
Bxd5 9. Nc3 Bc6 10. O-O Be7 11. e4 d6 12. Bf4 Nbd7 13. Rad1 Qc7 14. Nd5 Bxd5 15.
exd5 Qd8 16. Nh4 Nh5 17. Bxd6 Bxd6 18. Qe2+ Kf8 19. Qxh5 Qf6 20. Nf5 h6 21. Qh3
Rd8 22. Rfe1 g6 23. Nxd6 Qxd6 24. Bf1 Kg7 25. Bb5 Nb8 26. Qf1 Qf6 27. Qe2 a6 28.
Bxa6 Nxa6 29. Qxa6 Ra8 30. Qc4 Qxb2 31. Re2 Qb4 32. Qc1 c4 33. Rb2 Qa3 34. Qa1
Qc3 35. Qb1 Qa3 36. Rxb6 Qxa2 37. Qe4 Rhe8 38. Qd4+ Kg8 39. d6 Qa7 40. Rdb1 Rad8
41. Qxc4 Rd7 42. Qd5 Red8 43. Rb7 Qa4 44. Rb8 Qa7 45. Rxd8+ Rxd8 46. Rb7 Qa1+
47. Kg2 Qf6 48. d7 Qe7 49. Rc7 Kh7 50. h3 h5 51. h4 Kg7 52. Qc6 Qf6 53. Qc5 Qe6
54. Qd4+ Qf6 55. Qd5 Qe7 56. Kf1 Kh7 57. Qd4 Qe6 58. Kg2 Kg8 59. Kh2 Kh7 60. Kg1
Qe1+ 61. Kg2 Qe6 62. Kf1 Kg8 63. Qc3 Qd6 64. Qa5 Rxd7 1/2-1/2

[Event "Spice Cup Open"]
[Site "Saint Louis USA"]
[Date "2012.10.17"]
[Round "3"]
[White "Leon Hoyos, Manuel"]
[Black "Amanov, Zhanibek"]
[Result "1-0"]
[WhiteTitle "GM"]
[BlackTitle "IM"]
[WhiteElo "2603"]
[BlackElo "2374"]
[WhiteFideId "5105269"]
[BlackFideId "13700189"]
[EventDate "2012.10.16"]

1. c4 e5 2. g3 Nc6 3. Nc3 Bc5 4. Bg2 a6 5. e3 d6 6. Nge2 Nf6 7. b3 Ba7 8. Bb2
O-O 9. O-O Bf5 10. h3 Bd3 11. Kh2 Nd7 12. Rg1 Rb8 13. Nc1 Bg6 14. d3 Ne7 15.
N1e2 b5 16. Rf1 Nc5 17. Nc1 Re8 18. Qd2 h6 19. Rd1 bxc4 20. dxc4 Qd7 21. Qe2 Nc6
22. Nd5 Ne7 23. Nc3 Nc6 24. Rd2 f5 25. Nd5 Kh7 26. Nd3 Ne4 27. Rdd1 Qf7 28. Rac1
Nd8 29. f3 Nc5 30. Nf2 f4 31. gxf4 exf4 32. e4 Nc6 33. Ng4 Re6 34. h4 a5 35. Bc3
Rbe8 36. Rf1 Bh5 37. Bh3 Rg6 38. Qd2 Rf8 39. Rce1 a4 40. e5 axb3 41. axb3 Nxb3
42. Qd3 Nc5 43. Qb1 Kh8 44. exd6 cxd6 45. Rg1 Bxg4 46. Rxg4 Rxg4 47. Bxg4 Na4
48. Ba1 Bf2 49. Re6 Ne5 50. Bxe5 dxe5 51. Re7 Qg8 52. Qc2 Bg3+ 53. Kh3 Nc5 54.
Rxe5 Re8 55. Ne7 Rxe7 56. Rxe7 1-0

[Event "Spice Cup Open"]
[Site "Saint Louis USA"]
[Date "2012.10.17"]
[Round "3"]
[White "Sharevich, Anna"]
[Black "Gerzhoy, Leonid"]
[Result "1/2-1/2"]
[WhiteTitle "WGM"]
[BlackTitle "IM"]
[WhiteElo "2294"]
[BlackElo "2469"]
[WhiteFideId "13503189"]
[BlackFideId "2806126"]
[EventDate "2012.10.16"]

1. d4 d5 2. Nf3 e6 3. c4 c6 4. Qc2 dxc4 5. Qxc4 b5 6. Qc2 Bb7 7. e4 Nd7 8. Be2
a6 9. a4 Rc8 10. O-O Qb6 11. Nc3 b4 12. a5 Qa7 13. Na4 Ngf6 14. Bc4 Be7 15. Bg5
c5 16. d5 exd5 17. exd5 O-O 18. Rad1 Bd8 19. Qf5 Bxa5 20. Rfe1 Rce8 21. Rxe8
Rxe8 22. Bxf6 Nxf6 23. d6 Be4 24. Qxc5 Qxc5 25. Nxc5 Bb6 26. d7 Rd8 27. Nxe4
Nxe4 28. Kf1 Nf6 29. Ne5 Kf8 30. Bxa6 Bc7 31. Nc6 Rxd7 32. Rxd7 Nxd7 33. Nxb4
Nc5 34. Bc4 Bd6 35. Nd5 Ne4 36. b3 h5 37. g3 h4 38. gxh4 Bxh2 39. Ke2 Nd6 40.
Bd3 Be5 41. Ke3 Ne8 42. Ke4 Bb8 43. b4 Nd6+ 44. Kf3 Ba7 45. b5 Nc8 46. h5 Bc5
47. Ne3 Ke7 48. Ke4 Nb6 49. f3 Kf6 50. Nd5+ Kg5 51. Nxb6 Bxb6 52. Bc4 Kxh5 53.
Bxf7+ Kg5 54. Kd5 Kf6 55. Kc6 Be3 56. Bh5 Ke7 57. b6 Kd8 58. Bg4 g5 59. Kb7 Bd4
60. Ka6 Be3 61. Ka7 Bd4 1/2-1/2

[Event "Spice Cup Open"]
[Site "Saint Louis USA"]
[Date "2012.10.17"]
[Round "3"]
[White "Schneider, Veronika"]
[Black "Ramirez, Alejandro"]
[Result "0-1"]
[WhiteTitle "WGM"]
[BlackTitle "GM"]
[WhiteElo "2313"]
[BlackElo "2551"]
[WhiteFideId "721530"]
[BlackFideId "6500617"]
[EventDate "2012.10.16"]

1. e4 Nf6 2. e5 Nd5 3. d4 d6 4. c4 Nb6 5. exd6 exd6 6. Nc3 Be7 7. Bd3 O-O 8.
Nge2 Nc6 9. O-O Re8 10. Be3 Nb4 11. b3 Nxd3 12. Qxd3 g6 13. Rfe1 Bf5 14. Qd2 d5
15. c5 Nc8 16. Bh6 c6 17. h3 Bf6 18. Nf4 Ne7 19. g4 Bd7 20. Nce2 Kh8 21. Nd3 Ng8
22. Be3 Bg7 23. Ng3 Be6 24. Kg2 Nf6 25. f3 Nd7 26. h4 b6 27. Rac1 bxc5 28. Nxc5
Nxc5 29. Rxc5 Bd7 30. h5 Kg8 31. hxg6 fxg6 32. Bg5 Qb6 33. Ne2 a5 34. Rd1 Qb4
35. Qxb4 axb4 36. Rc2 Kf7 37. Bf4 h5 38. gxh5 gxh5 39. Bd6 Bf5 40. Rb2 h4 41.
Bxb4 h3+ 42. Kh2 Re3 43. Ng3 Bd7 44. Re1 Rxe1 45. Bxe1 Bxd4 46. Re2 Bf6 47. Nh5
Be7 48. Bg3 Bf5 49. Be5 c5 50. Nf4 d4 51. Nxh3 Ra3 52. f4 Bb1 53. Ng5+ Kg6 54.
Nf3 d3 55. Rd2 Kf5 56. Kg3 Ke4 57. Bb2 Rxa2 58. Kf2 c4 59. bxc4 Bb4 60. f5 Bxd2
61. Nxd2+ Kxf5 62. Bc3 Kf4 63. c5 Bc2 64. Bd4 Ba4 65. Be3+ Ke5 66. Kf3 Bc6+ 67.
Kf2 Kd5 68. Kf3 Ra1 69. Bf2 Rd1 70. Ke3 Bb5 71. Ne4 Kc4 72. Bg3 Bc6 73. Nd2+ Kc3
74. Be5+ Kc2 75. Nc4 Re1+ 76. Kf2 Re2+ 77. Kf1 Re4 0-1

[Event "Spice Cup Open"]
[Site "Saint Louis USA"]
[Date "2012.10.17"]
[Round "3"]
[White "Aripov, Iskandar"]
[Black "Kiewra, Keaton F"]
[Result "0-1"]
[BlackTitle "IM"]
[WhiteElo "2155"]
[BlackElo "2442"]
[WhiteFideId "14202395"]
[BlackFideId "2019280"]
[EventDate "2012.10.16"]

1. e4 c5 2. Nf3 d6 3. d4 Nf6 4. Nc3 cxd4 5. Nxd4 e6 6. g4 h6 7. Bg2 Nc6 8. h3
Be7 9. Be3 a6 10. Qe2 Qc7 11. O-O-O Bd7 12. f4 Na5 13. Rhe1 Nc4 14. Bg1 Rc8 15.
Rd3 b5 16. Kb1 b4 17. Nd1 g6 18. Ne3 e5 19. fxe5 dxe5 20. Nd5 Nxd5 21. exd5 O-O
22. Nc6 Bh4 23. Rf1 Rfe8 24. Rb3 Na5 25. Rxb4 Nxc6 26. dxc6 Bxc6 27. Bxc6 Qxc6
28. Re4 Bg3 29. c3 Bf4 30. Qc2 Red8 31. Be3 g5 32. h4 Qd7 33. hxg5 hxg5 34. Bxf4
exf4 35. Re5 f6 36. Re2 Kg7 37. Rh1 Rh8 38. Reh2 Rxh2 39. Qxh2 Qd3+ 40. Ka1 Rd8
41. Qh6+ Kf7 42. a3 Qg6 43. Qh2 Qe4 44. Qg1 Rd7 45. Rh2 f3 46. Qh1 Kg7 47. Rh8
Rd1+ 48. Qxd1 Kxh8 49. Qd8+ Kg7 50. Qd7+ Kg6 51. Qc8 f5 52. Qg8+ Kf6 53. Qf8+
Ke5 54. Qb8+ Kd5 55. Qg8+ Kc5 56. Qc8+ Kb5 57. c4+ Kb6 58. Qd8+ Kc5 59. Qc7+ Kd4
60. Qd7+ Ke3 61. gxf5 f2 62. Qd1 Qd3 63. Qc1+ Qd2 64. Qb1 Qe1 0-1

[Event "Spice Cup Open"]
[Site "Saint Louis USA"]
[Date "2012.10.17"]
[Round "3"]
[White "Cassidy, Brian H"]
[Black "Helfst, Matt D"]
[Result "1-0"]
[WhiteElo "2098"]
[BlackElo "1965"]
[WhiteFideId "2064910"]
[BlackFideId "2044102"]
[EventDate "2012.10.16"]

1. e4 e6 2. d4 d5 3. Nd2 dxe4 4. Nxe4 Bd7 5. Nf3 Bc6 6. Bd3 Nd7 7. Qe2 Ngf6 8.
Neg5 Bxf3 9. Qxf3 c6 10. O-O h6 11. Nxe6 fxe6 12. Bg6+ Ke7 13. Re1 Qa5 14. Bf4
Qd5 15. Qe2 b5 16. b3 Nb6 17. c3 Kd7 18. Rac1 Ba3 19. c4 bxc4 20. bxc4 Nxc4 21.
Rxc4 Rhf8 22. Qd3 Nh5 23. Be5 Nf4 24. Bxf4 Rxf4 25. Be4 Qa5 26. Bxc6+ Kd6 27.
Qe3 1-0

[Event "Spice Cup Open"]
[Site "Saint Louis USA"]
[Date "2012.10.17"]
[Round "4"]
[White "Corrales Jimenez, Fidel"]
[Black "Priyadharshan, K."]
[Result "1-0"]
[WhiteTitle "GM"]
[BlackTitle "IM"]
[WhiteElo "2605"]
[BlackElo "2407"]
[WhiteFideId "3506690"]
[BlackFideId "5018293"]
[EventDate "2012.10.16"]

1. e4 e5 2. Nf3 Nc6 3. Bb5 Nf6 4. O-O Nxe4 5. d4 Nd6 6. Bxc6 dxc6 7. dxe5 Nf5 8.
Qxd8+ Kxd8 9. Nc3 h6 10. b3 Be7 11. Bb2 Bd7 12. Rad1 Kc8 13. Ne2 Rd8 14. h3 g5
15. g4 Ng7 16. Ng3 c5 17. e6 Nxe6 18. Nf5 Bf8 19. Bf6 Re8 20. Ne5 Nd4 21. Nxd7
Kxd7 22. Bxd4 cxd4 23. Rxd4+ Kc6 24. Rfd1 b5 25. Kf1 Re6 26. Rd7 Rf6 27. Rd8
Rxd8 28. Rxd8 Bd6 29. Rh8 Kc5 30. Rxh6 Rxh6 31. Nxh6 f6 32. Nf5 Be5 33. Ne3 Kb4
34. f4 Bd6 35. fxg5 fxg5 36. Nf5 Be5 37. Ke2 Kc3 38. Kd1 Kb2 39. Ne7 a5 40. Nc6
Bc3 41. Na7 Kxa2 42. Nxb5 Be5 43. Kd2 Kb2 44. Kd3 Kc1 45. Na3 c6 46. Nc4 Bc7 47.
Nd2 Bd8 48. Nf3 Bf6 49. Nd2 Bd8 50. Nc4 Bc7 51. Ne3 Be5 52. Nf5 Bf6 53. Nd6 Bd8
54. Nc8 Kd1 55. Na7 c5 56. Nb5 Be7 57. Na3 Bd8 58. Nc4 Bc7 59. Nd2 Bd8 60. Nf3
Kc1 61. Ne5 Kb2 62. Nc4+ Kc1 63. Nd6 Kb2 64. Nf7 Bf6 65. Nd6 Bd8 66. Kd2 Kb1 67.
Ne4 Be7 68. Nc3+ Kb2 69. Na4+ Kb1 70. Kd1 Bd6 71. Nb6 Bc7 72. Nc4 Bd8 73. Ne5
Bc7 74. Nc4 Bd8 75. Kd2 Bc7 76. Kd3 Kc1 77. Ne3 Kb2 78. Nf5 Bd8 79. Nd6 Bc7 80.
Nf7 Bf4 81. Nd8 c4+ 82. Kxc4 Kxc2 83. Ne6 Be3 84. Nd8 Bd2 85. Nc6 Bc3 86. Ne7
Bb4 87. Nf5 Bd2 88. h4 gxh4 89. Nxh4 Kb2 90. Nf3 Bh6 91. g5 Bf8 92. Nd4 Ka3 93.
Ne6 Be7 94. g6 Bf6 95. g7 Bxg7 96. Nxg7 a4 97. b4 Kb2 98. Nf5 1-0

[Event "Spice Cup Open"]
[Site "Saint Louis USA"]
[Date "2012.10.17"]
[Round "4"]
[White "Perelshteyn, Eugene"]
[Black "Mogranzini, Roberto"]
[Result "1-0"]
[WhiteTitle "GM"]
[BlackTitle "IM"]
[WhiteElo "2528"]
[BlackElo "2492"]
[WhiteFideId "2012529"]
[BlackFideId "810894"]
[EventDate "2012.10.16"]

1. Nf3 Nf6 2. c4 g6 3. Nc3 Bg7 4. e4 d6 5. d4 O-O 6. Be2 e5 7. O-O exd4 8. Nxd4
Re8 9. f3 c6 10. Bf4 Nh5 11. Be3 f5 12. Qd2 f4 13. Bf2 Nd7 14. Rfd1 Qe7 15. b4
Be5 16. Rac1 Ng7 17. Nb3 g5 18. c5 dxc5 19. bxc5 Nf6 20. Qe1 Be6 21. Na5 Qc7 22.
Nc4 Bxc4 23. Bxc4+ Ne6 24. Ne2 Kh8 25. Bxe6 Rxe6 26. Nd4 Ree8 27. Nf5 Rad8 28.
g4 fxg3 29. hxg3 g4 30. f4 Bb2 31. Rxd8 Rxd8 32. Rb1 Rd3 33. Rxb2 Qd7 34. Nd6 1-0

[Event "Spice Cup Open"]
[Site "Saint Louis USA"]
[Date "2012.10.17"]
[Round "4"]
[White "Finegold, Benjamin"]
[Black "Neimer, Vitaly"]
[Result "1/2-1/2"]
[WhiteTitle "GM"]
[BlackTitle "IM"]
[WhiteElo "2493"]
[BlackElo "2384"]
[WhiteFideId "2000261"]
[BlackFideId "2807017"]
[EventDate "2012.10.16"]

1. d4 Nf6 2. c4 e6 3. Nc3 Bb4 4. Qc2 O-O 5. Nf3 c5 6. dxc5 Na6 7. g3 Nxc5 8. Bg2
Nce4 9. Bd2 Nxd2 10. Nxd2 d5 11. O-O Bd7 12. cxd5 Bxc3 13. Qxc3 Nxd5 14. Qb3 Bc6
15. Nc4 Qc7 16. Rac1 Rfc8 17. Qa3 Qe7 18. Qxe7 Nxe7 19. Nd6 Rd8 20. Bxc6 bxc6
21. Rfd1 Rd7 22. Nc4 Rad8 23. Rxd7 Rxd7 24. Kf1 f6 25. Ke1 Kf7 26. Na5 Rd6 27.
Rc3 e5 28. Nb7 Rd4 29. Nc5 Rb4 30. b3 h5 31. a3 Rd4 32. e3 Rd5 33. Ke2 g5 34.
Rc4 f5 35. h3 Kg6 36. e4 fxe4 37. Nxe4 Rb5 38. b4 Rb6 39. Rc5 Rb5 40. Rc3 a5 41.
bxa5 Rxa5 42. Rc5 Rxa3 43. Rxe5 Nf5 44. Kf1 g4 45. hxg4 hxg4 46. Re6+ Kg7 47.
Rxc6 Ra1+ 48. Kg2 Nd4 49. Rc7+ Kg6 50. Nd2 Rd1 51. Nf1 Nf3 52. Rc4 Kh5 53. Rxg4
Rxf1 54. Rf4 Nd2 55. Rf5+ Kg6 56. Rd5 Rd1 57. Kh3 Ne4 58. Rxd1 Nxf2+ 59. Kg2
Nxd1 1/2-1/2

[Event "Spice Cup Open"]
[Site "Saint Louis USA"]
[Date "2012.10.17"]
[Round "4"]
[White "Boros, Denes"]
[Black "Leon Hoyos, Manuel"]
[Result "0-1"]
[WhiteTitle "GM"]
[BlackTitle "GM"]
[WhiteElo "2492"]
[BlackElo "2603"]
[WhiteFideId "722340"]
[BlackFideId "5105269"]
[EventDate "2012.10.16"]

1. e4 c5 2. Nf3 d6 3. d4 cxd4 4. Nxd4 Nf6 5. Nc3 Nc6 6. Bg5 e6 7. Qd2 a6 8.
O-O-O Bd7 9. f4 Be7 10. Nf3 b5 11. e5 b4 12. exf6 bxc3 13. Qxc3 gxf6 14. Bh4 d5
15. Kb1 Nb4 16. Qd2 Rb8 17. c3 Nxa2 18. Kxa2 Qa5+ 19. Kb1 Ba4 20. Nd4 Ba3 21.
Nb5 Bxd1 22. Bxf6 Bg4 23. b4 Bf5+ 24. Bd3 Bxd3+ 25. Qxd3 Bxb4 26. cxb4 Qxb4+ 27.
Kc2 Qa4+ 28. Kc3 Rxb5 0-1

[Event "Spice Cup Open"]
[Site "Saint Louis USA"]
[Date "2012.10.17"]
[Round "4"]
[White "Troff, Kayden W"]
[Black "Amanov, Mesgen"]
[Result "0-1"]
[WhiteTitle "FM"]
[BlackTitle "GM"]
[WhiteElo "2312"]
[BlackElo "2507"]
[WhiteFideId "2047896"]
[BlackFideId "14000652"]
[EventDate "2012.10.16"]

1. d4 d5 2. c4 c6 3. Nf3 Nf6 4. e3 Bg4 5. Nc3 e6 6. h3 Bh5 7. g4 Bg6 8. Ne5 Nbd7
9. Nxg6 hxg6 10. Bd2 g5 11. Qb3 Qc7 12. Bg2 Nb6 13. cxd5 exd5 14. e4 Nxe4 15.
Nxe4 dxe4 16. Bxg5 Be7 17. Be3 Nd5 18. O-O-O f5 19. gxf5 Rh4 20. Bd2 O-O-O 21.
Kb1 Bf6 22. Qa3 Kb8 23. Qg3 Nf4 24. Rhe1 Rxd4 25. Bc3 Rxd1+ 26. Rxd1 Nxg2 27.
Rd8+ Bxd8 28. Be5 Qxe5 29. Qxe5+ Kc8 30. Qe6+ Kc7 31. Qe5+ Kc8 32. Qxg7 e3 33.
fxe3 Nxe3 34. Qg1 Rxh3 35. f6 Bxf6 36. Qg8+ Kd7 37. a3 Rh1+ 38. Ka2 Nd5 39. Qg4+
Kd6 40. Qg3+ Be5 41. Qg6+ Nf6 42. b4 Rh2+ 43. Kb1 Rh3 44. Ka2 b6 45. Qf7 Rh7 46.
Qf8+ Kd5 47. Qa8 b5 48. Qf8 Rh2+ 49. Kb1 Ne4 50. Qf7+ Kd4 51. Qd7+ Bd6 52. Ka1
Kd3 53. a4 bxa4 54. b5 a3 55. Qf5 Rf2 56. Qh3+ Kd4 57. Qd7 cxb5 58. Qxa7+ Kd3
59. Qg7 Bc5 0-1

[Event "Spice Cup Open"]
[Site "Saint Louis USA"]
[Date "2012.10.17"]
[Round "4"]
[White "Gerzhoy, Leonid"]
[Black "Finegold, Spencer"]
[Result "1-0"]
[WhiteTitle "IM"]
[WhiteElo "2469"]
[BlackElo "2081"]
[WhiteFideId "2806126"]
[BlackFideId "2047527"]
[EventDate "2012.10.16"]

1. d4 Nf6 2. Nf3 g6 3. c4 Bg7 4. Nc3 O-O 5. e4 d6 6. Be2 e5 7. O-O exd4 8. Nxd4
Re8 9. f3 c6 10. Kh1 Nh5 11. g4 Nf6 12. Be3 h5 13. g5 Nh7 14. Qd2 Nd7 15. Rad1
Qe7 16. Nb3 Be5 17. Bd3 Nc5 18. Nxc5 dxc5 19. f4 Bd4 20. Bxd4 cxd4 21. Ne2 c5
22. e5 Bg4 23. Rde1 h4 24. Ng1 Qd7 25. Nf3 h3 26. Nh4 Nf8 27. f5 Qc6+ 28. Be4
Qc7 29. Bd5 Bxf5 30. Nxf5 gxf5 31. Rxf5 Re6 32. Ref1 1-0

[Event "Spice Cup Open"]
[Site "Saint Louis USA"]
[Date "2012.10.17"]
[Round "4"]
[White "Sharevich, Anna"]
[Black "Sarkar, Justin"]
[Result "0-1"]
[WhiteTitle "WGM"]
[BlackTitle "IM"]
[WhiteElo "2294"]
[BlackElo "2408"]
[WhiteFideId "13503189"]
[BlackFideId "2010011"]
[EventDate "2012.10.16"]

1. d4 Nf6 2. c4 g6 3. Nc3 d5 4. cxd5 Nxd5 5. e4 Nxc3 6. bxc3 Bg7 7. Bc4 c5 8.
Ne2 Nc6 9. Be3 O-O 10. Rc1 cxd4 11. cxd4 Qa5+ 12. Kf1 Qa3 13. Rc3 Qd6 14. h4
Nxd4 15. Nxd4 e5 16. Rd3 exd4 17. Bxd4 Be6 18. Bxe6 Qxe6 19. Bxg7 Kxg7 20. h5
Qxa2 21. Rhh3 Rac8 22. h6+ Kg8 23. Rc3 Rcd8 24. Rhd3 Rxd3 25. Qxd3 Qa1+ 26. Ke2
Qh1 27. Qe3 Re8 28. Rc4 b5 29. Rb4 Rd8 30. Rd4 Rxd4 31. Qxd4 Qxh6 32. Qxa7 Qh5+
33. f3 Qe5 34. Qa3 Qd4 35. Qa8+ Kg7 36. Qb8 b4 37. e5 Qc4+ 38. Kf2 b3 39. Qb6 h5
40. Qf6+ Kh7 41. Qb6 h4 42. e6 Qxe6 43. Qb4 Kg7 44. Qc3+ Kg8 45. Qb4 Qd5 46. f4
Qd3 47. Qb8+ Kh7 48. Qc7 Qc2+ 0-1

[Event "Spice Cup Open"]
[Site "Saint Louis USA"]
[Date "2012.10.17"]
[Round "4"]
[White "Bartholomew, John"]
[Black "Yang, Darwin"]
[Result "0-1"]
[WhiteTitle "IM"]
[BlackTitle "IM"]
[WhiteElo "2446"]
[BlackElo "2485"]
[WhiteFideId "2019353"]
[BlackFideId "2029111"]
[EventDate "2012.10.16"]

1. Nf3 Nf6 2. c4 e6 3. g3 d5 4. Bg2 Be7 5. O-O O-O 6. b3 c6 7. d3 Nbd7 8. Bb2 b6
9. Nbd2 Bb7 10. Qc2 Rc8 11. e4 h6 12. Rfe1 a5 13. Rad1 Qc7 14. a3 Rfd8 15. Nf1
Bf8 16. Ne3 dxe4 17. dxe4 c5 18. Nf1 Nb8 19. e5 Rxd1 20. Qxd1 Rd8 21. Qc2 Nfd7
22. g4 Be7 23. Ng3 Nf8 24. Ne4 Ng6 25. g5 hxg5 26. Nexg5 Bxg5 27. Nxg5 Bxg2 28.
Kxg2 Qe7 29. Bc1 Nc6 30. Qe2 Ncxe5 31. Qh5 Nd3 32. Rxe6 Qb7+ 33. Kg3 Qc7+ 34.
Kf3 Nf8 35. Re4 Nxc1 36. Rh4 Qc6+ 0-1

[Event "Spice Cup Open"]
[Site "Saint Louis USA"]
[Date "2012.10.17"]
[Round "4"]
[White "Kiewra, Keaton F"]
[Black "Diamant, Andre"]
[Result "0-1"]
[WhiteTitle "IM"]
[BlackTitle "GM"]
[WhiteElo "2442"]
[BlackElo "2471"]
[WhiteFideId "2019280"]
[BlackFideId "2108356"]
[EventDate "2012.10.16"]

1. e4 c5 2. Nf3 Nc6 3. Bb5 g6 4. O-O Bg7 5. c3 Nf6 6. e5 Nd5 7. d4 cxd4 8. cxd4
O-O 9. Nc3 Nxc3 10. bxc3 d6 11. Ba3 a6 12. Bxc6 bxc6 13. Re1 Qc7 14. Qd2 c5 15.
Qe3 Qa5 16. Bc1 Bb7 17. Bd2 Bxf3 18. gxf3 dxe5 19. dxe5 Rad8 20. Qe2 Bxe5 21.
Bh6 Bxc3 22. Qxe7 Bxa1 23. Rxa1 Qc3 24. Re1 Qxf3 25. Bxf8 Rxf8 26. Qxc5 Rd8 27.
Qe3 Qd5 28. Qe7 Rc8 29. a3 h5 30. Qf6 Qc4 31. h3 Qc6 32. Qxc6 Rxc6 33. Re3 Rc4
34. Kg2 Kg7 35. Rb3 Ra4 36. Rf3 g5 37. Kg3 Kg6 38. Kg2 Ra5 39. Kg3 f5 40. Rc3
f4+ 41. Kf3 Kf5 42. Ke2 g4 43. hxg4+ hxg4 44. Rb3 f3+ 45. Kf1 Rb5 0-1

[Event "Spice Cup Open"]
[Site "Saint Louis USA"]
[Date "2012.10.17"]
[Round "4"]
[White "Hendrickson, Nolan R"]
[Black "Banawa, Jouaquin"]
[Result "1-0"]
[BlackTitle "FM"]
[WhiteElo "2146"]
[BlackElo "2300"]
[WhiteFideId "2038188"]
[BlackFideId "5201632"]
[EventDate "2012.10.16"]

1. e4 c5 2. Nc3 Nc6 3. f4 e6 4. Nf3 d5 5. exd5 exd5 6. Bb5 Nf6 7. O-O Be7 8.
Bxc6+ bxc6 9. Ne5 c4 10. b3 cxb3 11. axb3 O-O 12. d4 Bb7 13. Ba3 Ne4 14. Qd3 c5
15. Nxe4 dxe4 16. Qb5 Qb6 17. Qxb6 axb6 18. Nd7 Rfd8 19. Nxb6 Rxa3 20. Rxa3 cxd4
21. Ra7 Bc5 22. b4 Bxb4 23. Rxb7 e3 24. Nd7 Bd2 25. Rfb1 e2 26. Kf2 Re8 27. Ne5
e1=Q+ 28. Rxe1 Bxe1+ 29. Kxe1 f6 30. Rb5 fxe5 31. fxe5 Rc8 32. Kd2 Rf8 33. e6
Rf2+ 34. Ke1 Rf8 35. e7 Re8 36. Re5 Kf7 37. Kd2 Kf6 38. Re2 h5 39. Kd3 g5 40.
Kxd4 Kf5 41. Kd5 h4 1-0

[Event "Spice Cup Open"]
[Site "Saint Louis USA"]
[Date "2012.10.17"]
[Round "4"]
[White "Agrest, Inna"]
[Black "Helfst, Matt D"]
[Result "1-0"]
[WhiteTitle "WIM"]
[WhiteElo "2204"]
[BlackElo "1965"]
[WhiteFideId "1708830"]
[BlackFideId "2044102"]
[EventDate "2012.10.16"]

1. e4 e6 2. d4 d5 3. Nc3 Bb4 4. Ne2 dxe4 5. a3 Bxc3+ 6. Nxc3 Nc6 7. d5 exd5 8.
Qxd5 Nf6 9. Qxd8+ Nxd8 10. Bg5 e3 11. Bxe3 Ne6 12. Be2 c6 13. O-O-O O-O 14. Bf3
Re8 15. h3 h6 16. g4 Bd7 17. Rd3 Nc7 18. Rhd1 Be6 19. Na4 Bd5 20. Bxd5 Ncxd5 21.
Bd2 Ne4 22. Rf3 b5 23. Nc3 Nxd2 24. Rxd2 Nxc3 25. Rxc3 Re1+ 26. Rd1 Rxd1+ 27.
Kxd1 Rd8+ 28. Ke2 Re8+ 29. Kd3 Re6 30. Kd4 Rf6 31. f3 g5 32. Kc5 Kg7 33. Rd3 Kh7
34. b3 Kg7 35. a4 bxa4 36. bxa4 Rf4 37. Ra3 Rf6 38. a5 Kf8 39. Re3 Rf4 40. c4
Rf6 41. a6 Rf4 42. Kxc6 Rxc4+ 43. Kb7 h5 44. Kxa7 hxg4 45. hxg4 Rb4 46. Re5 f6
47. Re6 Kf7 48. Rb6 Rd4 49. Kb7 Rd7+ 50. Kc6 1-0

[Event "Spice Cup Open"]
[Site "Saint Louis USA"]
[Date "2012.10.17"]
[Round "4"]
[White "Robson, Ray"]
[Black "Bykhovsky, Anatoly"]
[Result "1/2-1/2"]
[WhiteTitle "GM"]
[BlackTitle "GM"]
[WhiteElo "2602"]
[BlackElo "2522"]
[WhiteFideId "2023970"]
[BlackFideId "2806991"]
[EventDate "2012.10.16"]

1. e4 c5 2. Nf3 e6 3. d4 cxd4 4. Nxd4 a6 5. Bd3 Bc5 6. Nb3 Ba7 7. Nc3 Nc6 8. Qg4
Nf6 9. Qg3 d6 10. Bg5 h6 11. Bd2 e5 12. Nd5 O-O 13. Bxh6 Bxf2+ 14. Qxf2 Ng4 15.
Qg3 Nxh6 16. O-O Kh8 17. c3 Be6 18. Ne3 Ne7 19. Bc4 Bxc4 20. Nxc4 b5 21. Ne3 Qb6
22. Kh1 Qc6 23. Rad1 a5 24. Rd3 Rad8 25. Nd2 f6 26. Qf3 Kg8 27. g4 Nf7 28. h4
Nh8 29. Nd5 Nxd5 30. exd5 Qc8 31. Qf5 Kf7 32. Ne4 Qxf5 33. gxf5 Ke7 34. Rg1 Nf7
35. Rxg7 Rg8 36. Rg2 Rh8 37. Rh3 Rh5 38. Ng3 Rh7 39. h5 Rg8 40. Rh4 Rhg7 41. Kh2
Nh6 42. a4 bxa4 43. Rxa4 Ng4+ 44. Kh3 Ne3 45. Rg1 Nxd5 46. h6 Rh7 47. Kg2 Rxh6
48. Rxa5 Nc7 49. Kf2 d5 50. c4 Rh2+ 51. Rg2 Rxg2+ 52. Kxg2 dxc4 53. Kf3 Rb8 54.
Rc5 Nb5 55. Rxc4 Nd4+ 56. Kg4 Kd6 57. b4 Kd7 1/2-1/2

[Event "Spice Cup Open"]
[Site "Saint Louis USA"]
[Date "2012.10.17"]
[Round "4"]
[White "Ramirez, Alejandro"]
[Black "Ostrovskiy, Aleksandr A"]
[Result "1-0"]
[WhiteTitle "GM"]
[BlackTitle "FM"]
[WhiteElo "2551"]
[BlackElo "2377"]
[WhiteFideId "6500617"]
[BlackFideId "2034239"]
[EventDate "2012.10.16"]

1. d4 d5 2. c4 c6 3. Nf3 Nf6 4. Nc3 e6 5. g3 Be7 6. Bg2 O-O 7. O-O Nbd7 8. b3 b6
9. Qc2 Ba6 10. Rd1 b5 11. Nd2 Rc8 12. e4 dxc4 13. bxc4 e5 14. dxe5 Nxe5 15. Nf3
Nxf3+ 16. Bxf3 Qa5 17. Bf4 bxc4 18. e5 Nd5 19. Nxd5 cxd5 20. Rxd5 Qa3 21. Be4 h6
22. Bc1 Qb4 23. Rb1 Qe1+ 24. Kg2 Rb8 25. Rxb8 Rxb8 26. Bd2 Qe2 27. Bf3 Rb2 28.
Qxb2 Qf1+ 29. Kxf1 c3+ 30. Qb5 1-0

[Event "Spice Cup Open"]
[Site "Saint Louis USA"]
[Date "2012.10.17"]
[Round "4"]
[White "Kleiman, Jake"]
[Black "Mikhalevski, Victor"]
[Result "0-1"]
[WhiteTitle "IM"]
[BlackTitle "GM"]
[WhiteElo "2377"]
[BlackElo "2538"]
[WhiteFideId "2020041"]
[BlackFideId "2801914"]
[EventDate "2012.10.16"]

1. e4 e5 2. Nf3 Nc6 3. Bc4 Nf6 4. d3 Bc5 5. c3 d6 6. Nbd2 a6 7. Bb3 Ba7 8. Nf1
Ne7 9. Ng3 Ng6 10. h3 O-O 11. O-O h6 12. Be3 Re8 13. Qd2 Bxe3 14. fxe3 Be6 15.
Bc2 c5 16. d4 b5 17. Qf2 Qb6 18. Nd2 Ra7 19. d5 Bc8 20. Qe2 Nh7 21. Rf2 c4 22.
Raf1 Nh8 23. Kh1 g6 24. Nf3 Qd8 25. Ra1 Ree7 26. Nh2 Rec7 27. Ngf1 Rab7 28. Nd2
Rc5 29. Qf1 Qg5 30. Qe2 Bd7 31. a3 Kg7 32. Rff1 Qd8 33. Qf2 a5 34. Ndf3 b4 35.
axb4 axb4 36. Ba4 Nf6 37. Qh4 bxc3 38. bxc3 g5 39. Nxg5 hxg5 40. Qxg5+ Ng6 41.
Ra2 Qe7 42. Raf2 Nxe4 43. Qxe7 Nxf2+ 0-1